Ultrasonics Processes and Machines : Dynamics, Control and Applications

Salvato in:
Dettagli Bibliografici
Autori principali: Astashev, V. K. (Autore), Babitsky, V. I. (Autore)
Natura: Libro
Lingua:inglese
Pubblicazione: Berlin : Springer Verlag, 2007
Serie:Foundations of Engineering Mechanics
Soggetti:
Tags: Aggiungi Tag
Nessun Tag, puoi essere il primo ad aggiungerne!!

MARC

LEADER 00000nam a22000003a 4500
001 stu196970
005 20150617230034.1
008 091209s2007----gw------------------eng-d
020 |a 978-3-540-72060-7 
040 |a STU  |b slo 
041 0 |a eng 
044 |a gw 
080 |a 62 
100 1 |a Astashev, V. K.  |4 aut 
245 1 |a Ultrasonics Processes and Machines :  |b Dynamics, Control and Applications 
260 |a Berlin :  |b Springer Verlag,  |c 2007 
300 |a 330 s 
650 7 |a ultrazvuk  |2 stusub 
700 1 |a Babitsky, V. I.  |4 aut 
830 0 |a Foundations of Engineering Mechanics 
996 |b 284J038121  |c J*113242  |l JJSK  |s A  |a 24  |w stu196970_0001 
996 |b 284M071916  |c M*12660-1  |l MMKN  |s A  |a 24  |w stu196970_0002